Стилістичні та лексико-семантичні особливості молодіжного сленгу (на матеріалі онлайн журналу "Vogue") (Запис № 285993)

МАРК-запис
000 -Лідер
fixed length control field 01894nam a22002297a 4500
001 - Контрольний номер
control field 216222711
003 - Ідентифікатор контрольного номера
control field UA-OsUOA
005 - Дата та час останнього входження (трансакції)
control field 20220818151737.0
008 - Елементи даних фіксованої довжини – загальна інформація
fixed length control field 220818b un ||||f |||| 00| 0 ukr d
040 ## - Джерело каталогізації
Агенція оригінальної каталогізації UA-OsUOA
Мова каталогізації ukr
Агенція, яка здійснювала перезапис UA-OsUOA
Агенція, яка здійснювала модифікацію UA-OsUOA
041 ## - Код мови
Код мови тексту/ звукової доріжки чи окремого заголовка (П) ukr
080 ## - Індекс Універсальної десяткової класифікації
Індекс Універсальної десяткової класифікації (УДК) (НП) 81
090 ## - Локальний шифр розміщення
Класифікаційний індекс УДК 81
Авторський знак (НП) Б46
100 ## - Основне введення – ім’я особи
Ім’я особи (НП) Бендарська О. А.
245 ## - Відомості про назву
Назва (НП) Стилістичні та лексико-семантичні особливості молодіжного сленгу (на матеріалі онлайн журналу "Vogue")
Дані про відповідальність (НП) Бендарська О. А.
260 ## - Публікація, розповсюдження і т.п. (Вихідні дані)
Місце публікації, розповсюдження і т.п. (П) Острог
Ім’я/ наймення видавництва, розповсюджувача і т.п. (П) КАФ
Дата публікації, розповсюдження і т.п. (П) 2018
300 ## - Фізичний опис
Обсяг 88 с.
520 ## - Резюме і т.п.
Резюме, реферат, анотація, тощо (НП) Вступ.<br/>Розділ 1. Визначення поняття сленг, його масштаби та витоки.<br/>1.1. Етимологія сленгу, причини виникнення та історія розвитку.<br/>1.2. Проблеми перекладу сленгізмів та словники сленгу.<br/>Висновки до розділу 1. <br/>Розділ 2. Формування та роль застосування сленгу.<br/>2.1. Основні способи творення сленгових виразів.<br/>2.2. Функції сленгу.<br/>2.3. Джерела поповнення сленгу.<br/>Висновки до розділу 2. <br/>Розділ 3. Класифікація сленгу та його порівняльний аналіз на матеріалі онлайн журналів "Vogue" та "Teen Vogue"/<br/>3.1. Основні лексико-семантичні поля сленгу.<br/>3.2. Fashion slang у онлайн журналі "Vogue".<br/>Висновки.<br/>Список використаної літератури.<br/>Додатки.
650 ## - Додаткове предметне введення – тематичний термін
Тематичний термін чи географічна назва, як елемент введення (НП) 81 Лінгвістика. Мовознавство. Мови
Джерело заголовка чи терміна UDC
942 ## - Додаткові елементи входу (Коха)
Тип елемента Koha Книги
Source of classification or shelving scheme Universal Decimal Classification
955 ## - Код типу видання за змістом
Код типу видання за змістом (НП) Наукові видання
Фонди
Стан вилучень Стан втрат Джерело класифікації або схеми стелажів Стан уражень Не для кредиту Постійне місце розташування Поточне розміщення Дата придбання Джерело придбання Вартість, звичайна ціна покупки Повний номер виклику Штрих-код Дата останнього перегляду Вартість, ціна заміни Ціна ефективна від Тип елемента Koha Примітка, призначена для загального доступу
    Universal Decimal Classification     ВІЛ - Відділ іноземн. літератури НБ ВІЛ - Відділ іноземн. літератури НБ 02/07/2018 Акт №01/18 1.00 81 Б46 216182 10/11/2021 1.00 02/07/2018 Книги Дипломна робота (магістр)